"ABOY, LUIS ALBERTO S/ EJECUCIÓN DE LA PENAL (EX OFIZA LEG 62/14)" / (Record no. 1275)
[ view plain ]
| 000 -CABECERA | |
|---|---|
| Campo de control de longitud fija | 01145nam a22003137a 4500 |
| 005 - FECHA Y HORA DE LA ULTIMA TRANSACCION (NR) | |
| Campo de control | 20260424095937.0 |
| 008 - ELEMENTOS DE LONGITUD FIJA -- INFORMACION GENERAL (NR) | |
| Campo de control de longitud fija | 260423b2026 ag ||||| |||| 00| 0 spa d |
| 020 ## - TIPO DE RESOLUCION Y NUMERO | |
| Número de Resolución | TI Parte Resolutiva - Audiencia in voce fecha 21/4/26 |
| Tipo de Resolución | In Voce |
| 110 ## - ASIENTO PRINCIPAL--NOMBRE CORPORATIVO (NR) | |
| Nombre corporativo o de jurisdicción como elemento de entrada (NR) | Tribunal de Impugnación |
| 9 (RLIN) | 1 |
| 245 ## - CARATULA | |
| Caratula | "ABOY, LUIS ALBERTO S/ EJECUCIÓN DE LA PENAL (EX OFIZA LEG 62/14)" / |
| Mención de responsabilidad, etc. (NR) | Tribunal de Impugnación |
| 300 ## - DESCRIPCION FISICA (R) | |
| Extensión (R) | 00:11:16 |
| 518 ## - NOTA DE FECHA/HORA Y LUGAR DE UN EVENTO (R) | |
| Fecha de la Resolución (NR) | 21/4/26 |
| 653 ## - TERMINO DE INDIZACION - NO CONTROLADO (R) | |
| Término de indización no controlado (R) | LIBERTAD CONDICIONAL |
| 653 ## - TERMINO DE INDIZACION - NO CONTROLADO (R) | |
| Término de indización no controlado (R) | LEY 27375 EJECUCIÓN DE LA PENA |
| 653 ## - TERMINO DE INDIZACION - NO CONTROLADO (R) | |
| Término de indización no controlado (R) | ART. 13 CP |
| 653 ## - TERMINO DE INDIZACION - NO CONTROLADO (R) | |
| Término de indización no controlado (R) | FACULTADES JURISDICCIONALES |
| 653 ## - TERMINO DE INDIZACION - NO CONTROLADO (R) | |
| Término de indización no controlado (R) | ART. 214 INC. 14 CONSTITUCION PROVINCIAL |
| 653 ## - TERMINO DE INDIZACION - NO CONTROLADO (R) | |
| Término de indización no controlado (R) | DIVISIÓN DE PODERES |
| 653 ## - TERMINO DE INDIZACION - NO CONTROLADO (R) | |
| Término de indización no controlado (R) | COSA JUZGADA |
| 653 ## - TERMINO DE INDIZACION - NO CONTROLADO (R) | |
| Término de indización no controlado (R) | RECURSO DE REVISIÓN |
| 653 ## - TERMINO DE INDIZACION - NO CONTROLADO (R) | |
| Término de indización no controlado (R) | DOCTRINA DEL PRECEDENTE OBLIGATORIO |
| 653 ## - TERMINO DE INDIZACION - NO CONTROLADO (R) | |
| Término de indización no controlado (R) | PRINCIPIO DE IGUALDAD ANTE LA LEY |
| 700 1# - FIRMANTES - NOMBRE PERSONAL (R) | |
| Nombre personal (NR) | Repetto, Andrés |
| 9 (RLIN) | 10 |
| 700 1# - FIRMANTES - NOMBRE PERSONAL (R) | |
| Nombre personal (NR) | Sauli, Estefania |
| 9 (RLIN) | 70 |
| 700 1# - FIRMANTES - NOMBRE PERSONAL (R) | |
| Nombre personal (NR) | Macagno, Mauricio |
| 9 (RLIN) | 284 |
| 774 ## - NUMERO DE LEGAJO | |
| Número de Legajo | LEG 1216 |
| 856 ## - LOCALIZACION Y ACCESO ELECTRONICOS (R) | |
| Identificador Uniforme del Recurso (“URI”) (R) | <a href="https://drive.google.com/file/d/1I9jec2PVcwrNWpGrc4VM4x5A0vP7UwHD/view?usp=sharing">https://drive.google.com/file/d/1I9jec2PVcwrNWpGrc4VM4x5A0vP7UwHD/view?usp=sharing</a> |
| Texto del vínculo (R) | Parte Resolutiva - Audiencia in voce fecha 21/4/26 |
| 942 ## - Elementos Agregados (KOHA) | |
| Fuente de clasificación o esquema de estanterías | Dewey Decimal Classification |
| Tipo de material Koha (Default) | In Voce |
No items available.

